| 000 | 00877nam a22001697a 4500 | ||
|---|---|---|---|
| 008 | 200228b xxu||||| |||| 00| 0 eng d | ||
| 020 | _a9780335237463 | ||
| 050 | _aRC454.B471 | ||
| 100 | _aBennett, Paul | ||
| 245 | _aAbnormal and clinical psychology: an introduction textbook./ | ||
| 250 | _a3rd ed. | ||
| 260 |
_aLondon: _bMcGraw Hill /Open University Press, _c2011. |
||
| 300 | _aix,533p.: | ||
| 500 | _aContents: Part 1 background and methods: introduction; the psychological perspective; new directions in cognitive therapy; biological explanations and treatment; beyond the individual Part 2: Somatoform disorders, schizophrenia, anxiety disorers, mood disorders, trauma related conditions, sexual disorders, personality disorders, eatind disorders, developmental disorders, neurological disorders, addictions. | ||
| 690 | _aPsychiatric nursing | ||
| 942 |
_2lcc _cBK |
||
| 999 |
_c7130 _d14630 |
||